| 000 -LEADER |
| fixed length control field |
01979cam a2200349Ia 4500 |
| 020 ## - INTERNATIONAL STANDARD BOOK NUMBER |
| ISBN |
0821351508 (pbk.) |
| 020 ## - INTERNATIONAL STANDARD BOOK NUMBER |
| ISBN |
9780821351505 (pbk.) |
| 020 ## - INTERNATIONAL STANDARD BOOK NUMBER |
| ISBN |
0821351516 (clothbound) |
| 020 ## - INTERNATIONAL STANDARD BOOK NUMBER |
| ISBN |
9780821351512 (clothbound) |
| 020 ## - INTERNATIONAL STANDARD BOOK NUMBER |
| ISBN |
9780821354681 |
| 020 ## - INTERNATIONAL STANDARD BOOK NUMBER |
| ISBN |
082135468X |
| 022 ## - INTERNATIONAL STANDARD SERIAL NUMBER |
| ISSN |
0163-5085 |
| 040 ## - CATALOGING SOURCE |
| Transcribing agency |
DJB |
| 082 04 - DEWEY DECIMAL CLASSIFICATION NUMBER |
| Classification number |
337 OXF 2003 A073 Or. |
| 245 00 - TITLE STATEMENT |
| Title |
Sustainable development in a dynamic world : |
| Remainder of title |
transforming institutions, growth, and quality of life |
| 260 ## - PUBLICATION, DISTRIBUTION, ETC. (IMPRINT) |
| Place of publication |
Washington, D.C. : |
| Name of publisher |
World Bank ; |
| Place of publication |
New York : |
| Name of publisher |
Oxford University Press, |
| Year of publication |
c2003 |
| 300 ## - PHYSICAL DESCRIPTION |
| Number of Pages |
xix, 250 p. : |
| Other physical details |
ill., maps ; |
| Dimensions |
27 cm |
| 490 1# - SERIES STATEMENT |
| Series statement |
World development report, |
| 500 ## - GENERAL NOTE |
| General note |
"This Report has been prepared by a team led by Zmarak Shalizi ..."--P. viii |
| 500 ## - GENERAL NOTE |
| General note |
"Selected world development indicators"--P. 232-243 |
| 520 ## - SUMMARY, ETC. |
| Summary, etc |
The report "examines the relationship among competing policy objectives-reducing poverty, maintaining growth, improving social cohesion, and protecting the environment-over a 50-year horizon." The report is divided into nine chapters which deal with topics ranging from "Global Problems and Local Concerns" to "Getting the Best from Cities." While the casual reader may not have time to read the entire report, there is a 30-page overview that provides a description of the basic themes contained within the full report. At its essence, the report argues that "development is sustainable if the rules of the game are transparent and the game is inclusive." This important document will be especially relevant to those with an interest in sustainable development from an inclusive and global perspective |
| 650 #0 - SUBJECT ADDED ENTRY--TOPICAL TERM |
| Topical Term |
Sustainable development |
| 650 #0 - SUBJECT ADDED ENTRY--TOPICAL TERM |
| Topical Term |
Agricultural resources |
| 650 #0 - SUBJECT ADDED ENTRY--TOPICAL TERM |
| Topical Term |
Natural resources |
| 650 #0 - SUBJECT ADDED ENTRY--TOPICAL TERM |
| Topical Term |
Environmental policy |
| 650 #0 - SUBJECT ADDED ENTRY--TOPICAL TERM |
| Topical Term |
Institution building |
| 650 #0 - SUBJECT ADDED ENTRY--TOPICAL TERM |
| Topical Term |
Poverty |
| 700 1# - ADDED ENTRY--PERSONAL NAME |
| Personal name |
Shalizi, Zmarak, |
| 710 2# - ADDED ENTRY--CORPORATE NAME |
| Corporate name or jurisdiction name as entry element |
World Bank |
| 856 41 - ELECTRONIC LOCATION AND ACCESS |
| Uniform Resource Identifier |
http://econ.worldbank.org/wdr/wdr2003/ |
| 942 ## - ADDED ENTRY ELEMENTS (KOHA) |
| Koha item type |
សៀវភៅភាសាអង់គ្លេស |
| 952 ## - LOCATION AND ITEM INFORMATION (KOHA) |
| Withdrawn status [LOCAL, KOHA] |
0 |